000 00341nam a22001337a 4500
008 241217b |||||||| |||| 00| 0 eng d
020 _a9781298138
050 _aHD74.5
_b.I77
100 _aISSUES
245 _aIssues in African Development
260 _aNigeria
_bAfrican Centre for Development
_c1995
300 _axxiii, 329p.
942 _cBK
999 _c1858
_d1858